000
00339pab a2200133 454500
008
180718b xxu||||| |||| 00| 0 eng d
100
_a
Patel A.R.
245
_a
Tasks aheadasks ahead
362
_a
11 Nov 93, p.4
650
_a
Rural Development
650
_a
Banks, Rural
773
_a
Business Standard
909
_a
25891
999
_c
25891
_d
25891